| 000 | 01297nam a22004817a 4500 | ||
|---|---|---|---|
| 005 | 20251024182705.0 | ||
| 008 | 230222b2020 |||||||| |||| 00| 0 spa d | ||
| 020 | _a9786075268699 | ||
| 041 | _aESP | ||
| 082 | _a461 M963c | ||
| 100 | _aMünch Galindo, Lourdes | ||
| 100 | _aHernández Palafox, Alejandro | ||
| 245 | _aComunicación oral y escrita | ||
| 260 | _aMéxico | ||
| 260 | _bCengage Learning | ||
| 260 | _c2020 | ||
| 300 | _a272 páginas | ||
| 490 | _aTemática General | ||
| 650 | _aCOMUNICACIÓN | ||
| 650 | _aCOMUNICACIÓN ORAL | ||
| 650 | _aCOMUNICACIÓN ESCRITA | ||
| 650 | _aCOMUNICACIÓN INTRAPERSONAL | ||
| 650 | _aCOMUNICACIÓN INTERPERSONAL | ||
| 650 | _aCOMUNICACIÓN GRUPAL | ||
| 650 | _aCOMUNICACIÓN VERBAL | ||
| 650 | _aCOMUNICACIÓN NO VERBAL | ||
| 650 | _aCOMUNICACIÓN EN PÚBLICO | ||
| 650 | _aDESARROLLO DE PRESENTACIONES | ||
| 650 | _aCONSTRUCCIÓN DE TEXTOS | ||
| 650 | _aESCRITURA DE DOCUMENTOS | ||
| 650 | _aRESUMEN | ||
| 650 | _aCUADRO SINÓPTICO | ||
| 650 | _aINFORME | ||
| 650 | _aENSAYO | ||
| 650 | _aPROPUESTA | ||
| 650 | _aCURRICULUM VITAE | ||
| 650 | _aOFICIO | ||
| 650 | _aCIRCULAR | ||
| 650 | _aMEMORÁNDUM | ||
| 650 | _aGÉNEROS PERIODÍSTICOS | ||
| 942 |
_cBK _2ddc |
||
| 999 |
_c13430 _d13430 |
||